MDQL
is popping MORE tags! Check the
thread
!
Quizzes
Events
Quiz Creation
Community
Videos
Private Events
Remove Ads
Sign In
Join for FREE
Feedback
Dark Mode
Quiz Categories
Sports
Geography
Music
Movies
Television
Just For Fun
Miscellaneous
History
Literature
Language
Science
Gaming
Entertainment
Religion
Holiday
For Kids
Quiz Lab
Recent
Popular Today
Quiz Kudos Today
Editor Picks
Curator Picks
Quizzes by...
Day
Popularity
Type
Ratings
Length
Year
Community
Subscriptions
Recent Discussions
Orange Saloon
Badges
Playlists
Quests
Create
Leaderboards
Showdown
Live 5
Trivia Bingo
Activity
Puzzle Library
Sporcle Events
Private Events
Virtual Trivia
Globe League
Become a Host
Pub Owners
SporcleCon
Opinionation
Our Games
Videos
Blog
Mobile Apps
Partnerships
Remove Ads and Go Orange
Feedback
Music
Pop Music
The Beatles
Song
Album
Lyrics
Bands
Singers
Artist
Clip
Rock
Rap
Classical
Billboard
Country Music
Kpop
Taylor Swift
Music
Pop Music
The Beatles
Song
Album
Lyrics
Bands
Singers
Artist
Clip
Rock
Rap
Classical
Billboard
Country Music
Kpop
Taylor Swift
Random Quiz
Search Sporcle
×
Quiz Lab
Quiz Lab
Music
Lyrics
Type in answers that appear in a list
Type in answers that appear in a list
Classic
Best Score? Go Orange.
'Glory' Lyrics Stats
Can you name the lyrics to 'Glory' by Common & John Legend?
By
gandalf42
10m
296 Questions
127 Plays
127 Plays
127 Plays
Comments
Comments
Give Quiz Kudos
Give Quiz Kudos
-
- Ratings
hide this ad
Replay
Link that replays current quiz
Next Quiz
Link to next quiz in quiz playlist
You Got
0%
They Got
Avg Score
71%
Avg Friend Score
Upgrade to see
Score Distribution
Jump to the score distribution portion of the page
Score
0/296
Timer
10:00
0
Plays Today
% Correct
the
96.9%
the
96.9%
the
96.9%
The
96.9%
the
96.9%
the
96.9%
the
96.9%
the
96.9%
the
96.9%
the
96.9%
the
96.9%
the
96.9%
The
96.9%
the
96.9%
the
96.9%
the
96.9%
the
96.9%
the
96.9%
the
96.9%
the
96.9%
the
96.9%
the
96.9%
glory
94.5%
glory
94.5%
glory.
94.5%
be
92.9%
be
92.9%
be
92.9%
be
92.9%
it
91.3%
is
91.3%
we
91.3%
is
91.3%
is
91.3%
is
91.3%
is
91.3%
is
91.3%
is
91.3%
we
91.3%
it
91.3%
we
91.3%
we
91.3%
we
91.3%
we
91.3%
is
91.3%
we
91.3%
it
91.3%
we
91.3%
is
91.3%
is
91.3%
We
91.3%
is
91.3%
we
91.3%
we
91.3%
we
91.3%
It
91.3%
we
91.3%
it
91.3%
we
91.3%
day
90.6%
when
90.6%
will
90.6%
day
90.6%
when
90.6%
will
90.6%
day
90.6%
When
90.6%
will
90.6%
will
90.6%
on
89.8%
on
89.8%
One
88.2%
One
88.2%
One
88.2%
one
88.2%
comes
87.4%
to
87.4%
our
87.4%
to
87.4%
to
87.4%
our
87.4%
to
87.4%
to
87.4%
to
87.4%
our
87.4%
to
87.4%
he
85%
ours,
84.3%
war
84.3%
won
84.3%
no
84.3%
no
84.3%
No
84.3%
war
84.3%
ours.
84.3%
and
80.3%
and
80.3%
and
80.3%
and
80.3%
% Correct
and
80.3%
and
80.3%
and
80.3%
man,
79.5%
man
79.5%
man,
79.5%
an
79.5%
Hands
78.7%
for
78.7%
hands
78.7%
for
78.7%
that
78%
in
78%
in
78%
up.
78%
up.
78%
up.
78%
up.
78%
up.
78%
in
78%
that
78%
in
78%
in
78%
with
75.6%
with
75.6%
with
75.6%
go
74.8%
go
74.8%
why
74%
why
74%
sure.
73.2%
Every
73.2%
just
73.2%
every
73.2%
of
73.2%
of
73.2%
of
73.2%
of
73.2%
of
73.2%
of
73.2%
sure,
73.2%
heavens,
72.4%
us,
72.4%
us.
72.4%
us,
72.4%
us,
72.4%
us,
72.4%
us.
72.4%
weapon,
70.9%
down
70.9%
down
70.9%
weapon
70.9%
through
70.1%
through.
70.1%
Rosa
69.3%
bus.
69.3%
woman
69.3%
They
69.3%
woman
69.3%
They
69.3%
That's
68.5%
That's
68.5%
stand
68.5%
now
68.5%
now,
68.5%
Now
68.5%
sat
67.7%
walk
67.7%
King
66.1%
king
66.1%
women
65.4%
men
65.4%
like
65.4%
all
65.4%
Ferguson
65.4%
Justice
64.6%
justice
64.6%
his
64.6%
say
64.6%
stay
64.6%
his
64.6%
justice,
64.6%
his
64.6%
stay
64.6%
people.
63.8%
victory.
63.8%
yes
63%
child.
63%
Jesus
63%
against,
62.2%
against
62.2%
become
61.4%
become
61.4%
mountain
61.4%
got
61.4%
become
61.4%
Crow
61.4%
can
61.4%
top
60.6%
% Correct
formed
59.8%
destined.
59.8%
freedom
59.8%
pointed
59.1%
From
59.1%
crowd.
58.3%
religion
57.5%
ran
57.5%
my
57.5%
legends,
56.7%
movement
56.7%
a
56.7%
camera
56.7%
Selma
56.7%
Even
56.7%
crown
56.7%
front
56.7%
a
56.7%
look
56.7%
a
56.7%
a
56.7%
a
56.7%
ain't
55.9%
gon'
55.9%
have
55.9%
enough.
55.1%
ground,
55.1%
Jim
55.1%
panned
54.3%
never
54.3%
back,
54.3%
was
54.3%
son
53.5%
died,
53.5%
run
53.5%
hero,
53.5%
rhythm
52.8%
specific
52.8%
living
52.8%
Shots,
52.8%
torch
52.8%
gone
52.8%
eagle.
52.8%
young
52.8%
living
52.8%
seen
52.8%
bald
52%
sins
51.2%
skin
51.2%
blessings.
51.2%
spirit
51.2%
dark
51.2%
wisdom
51.2%
eyes
51.2%
juxtaposition
50.4%
miles.
50.4%
under
50.4%
music
50.4%
win
50.4%
done
49.6%
saw
49.6%
peaceful.
49.6%
takes
49.6%
elders
49.6%
energy.
49.6%
lord,
49.6%
marched
48.8%
hundreds
48.8%
became
48.8%
face
48.8%
had
48.8%
regal,
48%
bleed
48%
right
48%
people's
48%
call
48%
resistance
47.2%
roads
47.2%
league
47.2%
power
47.2%
biggest
47.2%
history
47.2%
Coming
47.2%
rose,
46.5%
facin'
46.5%
Enemy
46.5%
sing,
46.5%
cuts
46.5%
dream
46.5%
revisiting
45.7%
lethal,
45.7%
story
45.7%
epiphany.
44.9%
wrongs
44.9%
individually
44.9%
Welcome
44.9%
true
44.1%
Somewhere
42.5%
Quiz Playlist
Details
Report
Send in Message
Add To Playlist
Classic:
Type in answers that appear in a list
Last Updated: Feb 16, 2017
Quiz Scoreboard
CHALLENGE
Sign Up to Join the Scoreboard
Show All
Scores
Hide
Comments
May contain spoilers
Recently Published
1-10 Letter E Words III
by El_Dandy
Language
2m
Street Fighter Characters
by Artimus82
Gaming
60s
College Basketball Coaching Resumes
by pancakes188
Sports
9m
More to Explore
Quiz From the Vault
Featured Blog Post
Where Did the Easter Bunny Come From?
hide this ad
You Might Also Like...
Tags
Lyrics Quiz
Song Quiz
Glory
John Legend
Today's Top Quizzes in Music
Browse Music
hide this ad
Today's Top Quizzes in Lyrics
Browse Lyrics
Top Contributed Quizzes in Music
1
Taylor Swift All Songs (2024)
2
Taylor Swift Logic Puzzle
3
Guess the Artist- 70s Songs
4
7-to-1: Billboard Hot 100 #1 Hits of 2010s
5
Sorting Albums and Songs
6
Billboard Blitz: Aretha Franklin
7
KPOP LOGIC QUIZ
8
Guess the Taylor Swift song (Mystery Song)
9
Guess The Taylor Swift Lyrics Song #1
10
Billboard Blitz: ABBA
Explore More
Trending Topics
Kpop
Marvel
Disney
NBA
Harry Potter
Anime
Crossword
WWE
NFL
Puzzle
The Office
Song
Pokémon
Country
Soccer
hide this ad
More By:
gandalf42
Quiz
Plays
Rating
Category
Featured
Created
Doctor Who Companions in Order (2005-present)
486
4.80
Television
Jan 18, 2024
Licensed LEGO Video Games
395
5.00
Gaming
Apr 13, 2016
Les Misérables Songs A-Z
207
5.00
Entertainment
Apr 30, 2020
In The Heights Songs A-Z
163
5.00
Entertainment
Aug 21, 2020
'Glory' Lyrics
127
5.00
Music
Mar 1, 2015
Go to Creator's Profile
Score Distribution
Quiz Creator Spotlight
gandalf42
Follow
Send a Message
Quizzes Created
-
Created Quiz Play Count
-
More By This Creator
Popular Quizzes Today
1
Find the US States - No Outlines Minefield
2
Find the Countries of Europe - No Outlines Minefield
3
The Countries of the World
4
Find the US States
5
Risky Map Clicking: Biggest States A-Z
6
US States
7
Popular People in 1961
8
Movies - When Are They Set?
More Music Quizzes
🎼 Songs with no M-E-L-O-D-Y
Editor's Pick
Trending Quizzes
Risky Map Clicking: Least Populous States A-Z
Billboard Blitz: Aretha Franklin
Famous Russians: Author or Composer?
Countries of the World: 200 Million BC
1-10 Letter G Words
Recently Updated
Leaping Animals
pecheneg
Reality TV Shows (A-Z)
bhenderson79
Rickey Henderson's Hall of Fame Teammates
pecheneg
Champions League XIs: Arsenal
pecheneg
Quick Pick: Celebrities in WWE's Hall of Fame
aduchscher
A-Z Keypad Blitz II
pecheneg
Multiple Oscar Actors
pecheneg
Mystery Phrase Blitz: Oscar 'Best Actors'
pecheneg
F. Scott Fitzgerald Novels
LTH
Pick 3 Villains
ddd62291
Trending Topics
Marvel
NBA
Harry Potter
Anime
Crossword
Disney
Kpop
WWE
Country
Pokémon
NFL
Song
Soccer
The Office
Puzzle
Your Account Isn't Verified!
In order to create a playlist on Sporcle, you need to verify the email address you used during registration. Go to your
Sporcle Settings
to finish the process.
Report this User
Report this user for behavior that violates our
Community Guidelines
.
Details:
Send Report
Go to the Sporcle.com Mobile Site →
Comments